Комп’ютерні технології в навчанні іноземної мови (Запис № 284894)
[ простий вигляд ]
| 000 -LEADER | |
|---|---|
| fixed length control field | 01733nam a22001577a 4500 |
| 041 ## - LANGUAGE CODE | |
| Language code of text/sound track or separate title | ukr |
| 080 ## - UNIVERSAL DECIMAL CLASSIFICATION NUMBER | |
| Universal Decimal Classification number | 09 |
| 090 ## - LOCALLY ASSIGNED LC-TYPE CALL NUMBER (OCLC); LOCAL CALL NUMBER (OCLC) | |
| Local cutter number (OCLC) ; Book number/undivided call number, CALL (RLIN) | САВ |
| 100 ## - MAIN ENTRY--PERSONAL NAME | |
| Personal name | Савчук Т. В. |
| 245 ## - TITLE STATEMENT | |
| Title | Комп’ютерні технології в навчанні іноземної мови |
| 260 ## - PUBLICATION, DISTRIBUTION, ETC. (IMPRINT) | |
| Place of publication, distribution, etc | Острог |
| Name of publisher, distributor, etc | КАФ |
| Date of publication, distribution, etc | 2012 |
| 300 ## - PHYSICAL DESCRIPTION | |
| Extent | 79 |
| 520 ## - SUMMARY, ETC. | |
| Summary, etc | РОЗДІЛ 1. КОМП’ЮТЕРНІ ТЕХНОЛОГІЇ В СФЕРІ ОСВІТИ.<br/>1.1. Новітні комп’ютерні технології в навчанні іноземної мови.<br/>1.2. Роль комп’ютерних технологій у підвищенні мотивації навчання іноземних мов.<br/>РОЗДІЛ 2. ТЕОРЕТИЧНІ ОСНОВИ ВИКОРИСТАННЯ НОВИХ КОМП’ЮТЕРНИХ ТЕХНОЛОГІЙ НА УРОКАХ ІНОЗЕМНОЇ МОВИ.<br/>2.1. Сучасні підходи використання комп’ютерних технологій при навчанні іноземної мови.<br/>2.2. Програмний метод навчання з використанням комп’ютера.<br/>РОЗДІЛ 3. ДОСЛІДНА РОБОТА.<br/>3.1. Діагностика вихідного рівня ефективності (констатуючий експеримент).<br/>3.2. Застосування комп’ютерних технлогій у навчальному процесі (формуючий експеримент).<br/>3.3. Виявлення результатів і їхня інтерпритація. (Підсумковий експеримент) |
| -- | методика, комп’ютерні технології |
| 650 ## - SUBJECT ADDED ENTRY--TOPICAL TERM | |
| Topical term or geographic name as entry element | Research Papers |
| 942 ## - ADDED ENTRY ELEMENTS (KOHA) | |
| Koha item type | Книги |
| Withdrawn status | Lost status | Source of classification or shelving scheme | Damaged status | Not for loan | Home library | Current library | Date acquired | Source of acquisition | Cost, normal purchase price | Total Checkouts | Full call number | Barcode | Date last seen | Price effective from | Koha item type |
|---|---|---|---|---|---|---|---|---|---|---|---|---|---|---|---|
| Universal Decimal Classification | ВІЛ - Відділ іноземн. літератури НБ | ВІЛ - Відділ іноземн. літератури НБ | 17/09/2012 | Акт №4 | 1.00 | 09 | 214910 | 09/11/2021 | 17/09/2012 | Книги |